000 00282nam a22001337a 4500
008 190205b xxu||||| |||| 00| 0 eng d
020 _a0131968254
041 _aeng
080 _a004
100 _a26
101 _aSHK
245 _aData Networks
_cBertsekas,D
942 _2udc
_cBK
999 _c53949
_d53949